| 000 | 00926nam a22002537a 4500 | ||
|---|---|---|---|
| 005 | 20240530110614.0 | ||
| 008 | 161027s2014 ua g b 000 0 ara d | ||
| 017 |
_a2013/21515 _bمصر. دار الكتب |
||
| 020 | _a9772329465 | ||
| 040 |
_aEG-CaGPL _cEG-CaGPL |
||
| 082 |
_221 _a370.118\ _bم إ |
||
| 100 | 0 | _aمجدى عزيز ابراهيم | |
| 245 | 1 | 0 |
_aابداعات التعليم فى مفترق الطرق / _cمجدى عزيز ابراهيم |
| 250 | _aط. 1 | ||
| 260 |
_bعالم الكتب ، _c2014. |
||
| 300 |
_a324 ص. ؛ _c24 سم. |
||
| 490 | 0 |
_aسلسلة ابداعات تعليمية تعلمية ؛ _v10 |
|
| 504 | _aيشتمل على ارجاعات ببليوجرافية | ||
| 650 | 0 | 7 |
_2qrmak _aالتعليم _xاغراضة و اهدافة |
| 650 | 0 | 7 |
_2qrmak _aالوسائل التعليمية |
| 651 | _2qrmak | ||
| 942 |
_2ddc _cBK |
||
| 999 |
_c62918 _d62918 |
||